| 000 | 01070nam a2200217Ia 4500 | ||
|---|---|---|---|
| 999 |
_c40201 _d40201 |
||
| 001 | 6808 | ||
| 003 | GE_BSU | ||
| 005 | 20190531215513.0 | ||
| 008 | 181216s1976||||ge |||||||||||||| ||geo|| | ||
| 040 | _cGE_BSU | ||
| 041 | _ageo | ||
| 080 | _a624.012.4 + 666.98 + 691.32 ნ-16 | ||
| 100 |
_aნადირაძე, ა. _91944 |
||
| 245 |
_aასაწყობი რკინაბეტონის ქარხნების მექანიკური აღჭურვილობა : _bსახელმძღვ. / _cა.ნადირაძე ; რედ. ლ. მაღულარია. |
||
| 264 |
_aთბილისი : _bგანათლება, _c1976. |
||
| 300 |
_a315 გვ. : _bილ. ; _c27 სმ. |
||
| 504 | _aბიბლიოგრ. : გვ.308. | ||
| 653 | _aასაწყობი რკინაბეტონის ქარხნების მექანიკური აღჭურვილობა | ||
| 700 |
_aმაღულარია, ლ. _eრედაქტორი _91945 |
||
| 942 |
_cBK _2udc |
||